Kabale University Library Catalogue

Normal view MARC view
  • Metropolitan areas

Entry Topical Term

Number of records used in: 1

001 - CONTROL NUMBER

  • control field: 9414

003 - CONTROL NUMBER IDENTIFIER

  • control field: OSt

005 - DATE AND TIME OF LATEST TRANSACTION

  • control field: 20210520145202.0

008 - FIXED-LENGTH DATA ELEMENTS

  • fixed length control field: 210520|| aca||aabn | a|a d

040 ## - CATALOGING SOURCE

  • Original cataloging agency: OSt
  • Transcribing agency: OSt

150 ## - HEADING--TOPICAL TERM

  • Topical term or geographic name entry element: Metropolitan areas

670 ## - SOURCE DATA FOUND

  • Source citation: Work cat.: (OSt)0: Oakerson, Ronald J. 9409, Governing Local Public Economies :, c1999.

Kabale University Library | Kabale University P.O Box 317, Kabale, Uganda
Tel : +256754017033, +256774661503 E-mail : library@kab.ac.ug